| 000 | 00626nam a2200193Ia 4500 | ||
|---|---|---|---|
| 005 | 20260429112246.0 | ||
| 008 | 260429s9999||||xx |||||||||||||| ||und|| | ||
| 020 | _a9788177146219 | ||
| 041 | _aHindi | ||
| 082 |
_a305.4082 _bGIT |
||
| 100 | _aगीता, वी. | ||
| 245 | 0 |
_aस्त्रीवाद की सैद्धांतिकी : _bजेंडर विमर्श / _cवी. गीता |
|
| 250 | _a1st ed. | ||
| 260 |
_aनई दिल्ली : _bप्रकाशन संस्थान, _c2018. |
||
| 300 | _a112 p.; Hb | ||
| 650 | _aFeminism | ||
| 700 | _a ऋचा | ||
| 942 | _cTB | ||
| 999 |
_c53174 _d53174 |
||